<?xml version="1.0" encoding="UTF-8"?>
<record
    xmlns:xsi="http://www.w3.org/2001/XMLSchema-instance"
    xsi:schemaLocation="http://www.loc.gov/MARC21/slim http://www.loc.gov/standards/marcxml/schema/MARC21slim.xsd"
    xmlns="http://www.loc.gov/MARC21/slim">

  <leader>00337pab a2200133 454500</leader>
  <controlfield tag="008">180718b1985   xxu||||| |||| 00| 0 eng d</controlfield>
  <datafield tag="245" ind1=" " ind2=" ">
    <subfield code="a">Higher farer and freight rates to net in Rs. 495 crores</subfield>
  </datafield>
  <datafield tag="260" ind1=" " ind2=" ">
    <subfield code="c">1985</subfield>
  </datafield>
  <datafield tag="300" ind1=" " ind2=" ">
    <subfield code="a">518-26</subfield>
  </datafield>
  <datafield tag="362" ind1=" " ind2=" ">
    <subfield code="a">23 Mar.</subfield>
  </datafield>
  <datafield tag="650" ind1=" " ind2=" ">
    <subfield code="a">Railways - Budgets - India</subfield>
  </datafield>
  <datafield tag="773" ind1=" " ind2=" ">
    <subfield code="a">Commerce</subfield>
  </datafield>
  <datafield tag="909" ind1=" " ind2=" ">
    <subfield code="a">17019</subfield>
  </datafield>
  <datafield tag="999" ind1=" " ind2=" ">
    <subfield code="c">17019</subfield>
    <subfield code="d">17019</subfield>
  </datafield>
  <datafield tag="952" ind1=" " ind2=" ">
    <subfield code="0">0</subfield>
    <subfield code="1">0</subfield>
    <subfield code="4">0</subfield>
    <subfield code="7">0</subfield>
    <subfield code="a">IIPA</subfield>
    <subfield code="b">IIPA</subfield>
    <subfield code="d">2018-07-19</subfield>
    <subfield code="h">Volume no: 150, Issue no: 3852</subfield>
    <subfield code="p">AR17079</subfield>
    <subfield code="r">2018-07-19</subfield>
    <subfield code="w">2018-07-19</subfield>
    <subfield code="y">AR</subfield>
  </datafield>
</record>
